000 00493nam a22002057a 4500
003 OSt
005 20250212124603.0
008 250212b |||||||| |||| 00| 0 eng d
020 _a9788175416185
040 _cSKBL
041 _aeng
082 _a327
_bSin
100 _aSingh, Sudhir Kumar
_eaut
245 _aPakhtunistan
_bA Factor between Pakistan and Afghanistan
250 _aFirst
260 _aDelhi
_bShipra Publication
_c2013
300 _a204p.
700 _eaut
942 _cBK
999 _c67496
_d67496